000 00596nam a22002297a 4500
003 UA-OsUOA
001 51063
007 ta
008 20071206b un ||||| |||| 00| 0 ukr d
100 _aГригоренко П.
090 _a82-94
_bГ83
942 _cBK
040 _aUA-OsUOA
_bukr
_cUA-OsUOA
_dUA-OsUOA
245 _aСпогади
300 _a753 с.
955 _a1
041 _aukr
080 _a82-94
260 _aДейтройт
_bУкраїнські вісті
_c1984
650 7 _a82 Література. Літературознавство
_2UDC
999 _c337160
_d337160